000 00581nam a2200241Ia 4500
003 OSt
005 20220918200354.0
006 a|||||r|||| 00| 0
007 ta
008 220917b |||||||| |||| 00| 0 eng d
024 _a88,534
037 _cTextual
040 _aARTS
_cARTS
_beng
041 _2eng
_aeng
082 _aT4z7xM97, K5
110 _aZakir Husain
_993862
245 0 _aDynamic university
260 _c1965
650 _aHIGHER EDUCATION
700 _aZakir Husain
_993863
942 _hT4z7xM97, K5
_cTEXL
_2CC
999 _c212222
_d212222